|
|
|
|
| LEADER |
00000cam a22000004a 4500 |
| 001 |
musev2_880 |
| 003 |
MdBmJHUP |
| 005 |
20230905040135.0 |
| 006 |
m o d |
| 007 |
cr||||||||nn|n |
| 008 |
100517s2010 ohu o 00 0 eng d |
| 010 |
|
|
|z 2010020013
|
| 020 |
|
|
|a 9781612775159
|
| 020 |
|
|
|z 9781606350416
|
| 020 |
|
|
|z 1612775152
|
| 035 |
|
|
|a (OCoLC)762378170
|
| 040 |
|
|
|a MdBmJHUP
|c MdBmJHUP
|
| 043 |
|
|
|a n-us---
|a a-cc---
|a a-jp---
|
| 050 |
0 |
4 |
|a E661.7
|b .C44 2010
|
| 082 |
0 |
|
|a 327.73009/034
|2 22
|
| 100 |
1 |
|
|a Chin, Carol C.,
|d 1955-
|
| 245 |
1 |
0 |
|a Modernity and National Identity in the United States and East Asia /
|c Carol C. Chin.
|
| 264 |
|
1 |
|a Kent, Ohio :
|b Kent State University Press,
|c 2010.
|
| 264 |
|
3 |
|a Baltimore, Md. :
|b Project MUSE,
|c 2012
|
| 264 |
|
4 |
|c ©2010.
|
| 300 |
|
|
|a 1 online resource (288 pages):
|b ill. ;
|
| 336 |
|
|
|a text
|b txt
|2 rdacontent
|
| 337 |
|
|
|a computer
|b c
|2 rdamedia
|
| 338 |
|
|
|a online resource
|b cr
|2 rdacarrier
|
| 490 |
0 |
|
|a New studies in U.S. foreign relations
|
| 504 |
|
|
|a Includes bibliographical references and index.
|
| 505 |
0 |
|
|a Civilization and national identity -- Modernity and empire -- Beneficent imperialists -- Chinese modernity and the "new woman" -- Nationalism and internationalism -- Power and national identity in wartime.
|
| 588 |
|
|
|a Description based on print version record.
|
| 651 |
|
0 |
|a Japan
|x Foreign relations
|y 1912-1926.
|
| 651 |
|
0 |
|a Japan
|x Foreign relations
|y 1868-1912.
|
| 651 |
|
0 |
|a China
|x Foreign relations
|y 20th century.
|
| 651 |
|
0 |
|a United States
|x Foreign relations
|y 1865-1921.
|
| 650 |
|
0 |
|a Civilization, Modern
|y 20th century.
|
| 650 |
|
0 |
|a National characteristics, Japanese.
|
| 650 |
|
0 |
|a National characteristics, Chinese.
|
| 650 |
|
0 |
|a National characteristics, American.
|
| 655 |
|
7 |
|a Electronic books.
|2 local
|
| 710 |
2 |
|
|a Project Muse.
|e distributor
|
| 830 |
|
0 |
|a Book collections on Project MUSE.
|
| 856 |
4 |
0 |
|z Texto completo
|u https://projectmuse.uam.elogim.com/book/880/
|
| 945 |
|
|
|a Project MUSE - Custom Collection
|
| 945 |
|
|
|a Project MUSE - 2010 Global Cultural Studies
|
| 945 |
|
|
|a Project MUSE - 2010 Complete
|